Statistics for Marvel Cinematic Universe A-Z

Click here to take the quiz!

General Stats

  • This quiz has been taken 51 times
    (19 since last reset)
  • The average score is 22 of 26

Answer Stats

Letter Hint Answer % Correct
AWhere Thor and Loki liveAsgard
100%
FSam WilsonFalcon
100%
LGod of mischiefLoki
100%
UAvengers: Age of -Ultron
100%
ITony StarkIron Man
100%
CSteve RogersCaptain America
100%
HThe man with the bow and arrowsHawkeye
93%
SPeter ParkerSpider Man
93%
TGod of ThunderThor
93%
WBucky BarnesWinter Solider
87%
VFemale warriors of AsgardValkyrie
87%
JBefore VisionJARVIS
87%
BRussian SpyBlack Widow
87%
OThor and Loki's fatherOdin
87%
PStar Lord alter-egoPeter Quill
87%
QThe deceased brother of Scarlet WitchQuicksilver
87%
YPeter Quill's blue adopted fatherYondu Udonta
80%
NGamora's sisterNebula
80%
RThor calls him "Rabbit"Rocket
80%
MVillain in SpiderMan: Far From HomeMysterio
80%
EPeter Quill's fatherEgo
73%
DHis hands used to shakeDoctor Strange
73%
ZMain villain in Civil WarZemo
67%
XHome world of the Nova CorpsXandar
60%
GRuler of SakaarGrandmaster
53%
KGuardians of the Galaxy Ravager who assisted the Guardians in the fight against RonanKraglin
40%

Score Distribution

Percentile by Number Answered

Percent of People with Each Score

Your Score History

You have not taken this quiz since the last reset